<?xml version="1.0" encoding="UTF-8"?>
<collection xmlns="http://www.loc.gov/MARC21/slim">
 <record>
  <leader>05272nam a22002055a 4500</leader>
  <controlfield tag="001">CEM.cems018752</controlfield>
  <controlfield tag="008">210623s2021####ag############000#0#und#d</controlfield>
  <controlfield tag="005">20210716102859.0</controlfield>
  <controlfield tag="003">CEMS</controlfield>
  <datafield tag="245" ind1="1" ind2="0">
   <subfield code="a">Geografía :</subfield>
   <subfield code="b">una revisión crítica de conceptos y enfoques /</subfield>
   <subfield code="c">María Cecilia Martin y Antonela Volonté.</subfield>
  </datafield>
  <datafield tag="260" ind1=" " ind2=" ">
   <subfield code="a">Bahía Blanca :</subfield>
   <subfield code="b">Editorial de la Universidad Nacional del Sur, EdiUns,</subfield>
   <subfield code="c">2021.</subfield>
  </datafield>
  <datafield tag="300" ind1=" " ind2=" ">
   <subfield code="a">246 p.</subfield>
  </datafield>
  <datafield tag="490" ind1="1" ind2=" ">
   <subfield code="a">Colección Ciencias Sociales y Humanidades</subfield>
  </datafield>
  <datafield tag="505" ind1="0" ind2=" ">
   <subfield code="a">Geografía, ciencia del espacio -- La geografía en el cuadro de las ciencias -- Los principios geográficos -- La geografía como ciencia social -- ¿Qué es una ciencia? -- ¿Por qué la geografía es una Ciencia Social? -- ¿Qué estudiamos los geógrafos? -- La ciencia geográfica: ramas, ciencias afines y ciencias auxiliares -- Geografía física -- Geografía humana -- Nuevos temas y nuevas perspectivas de análisis geográfico -- El espacio geográfico, objeto de estudios de la Geografía -- Un concepto polisémico -- Diferentes maneras de interpretar el espacio -- El espacio geográfico desde la perspectiva de Milton Santos -- Caracteres del espacio geográfico -- El espacio es concreto -- Sobre la relación espacio-tiempo -- Espacio material y subjetivo -- La complejidad espacial -- ¿Qué es un sistema? -- Componentes de un sistema complejo -- Sistemas abiertos, sistemas cerrados -- Los sistemas espaciales -- El espacio geográfico como sistema en la teoría de Milton Santos -- Los elementos del espacio -- Combinaciones y relaciones -- ¿Cómo evolucionan los sistemas espaciales? -- La aplicación del enfoque sistémico en las ciencias sociales: un aporte para la construcción interdisciplinaria -- Los procesos espaciales -- Procesos naturales -- Procesos socioculturales -- ¿Cómo estudiar los procesos espaciales? -- Dimensiones del espacio geográfico: las escalas espacio-temporales -- Las escalas espaciales -- La escala como nivel -- La escala como red -- La escala como relación -- Las relaciones interescalares como referencias necesarias del proceso de la globalización -- las escalas temporales en el análisis geográfico -- Continuidades y discontinuidades temporales -- La incidencia del tiempo en la evolución del espacio y las sociedades -- Los nuevos tiempos de la modernidad -- La emancipación de los ciclos naturales -- Tiempos técnicos, tiempos sociales -- Geografía de los tiempos superpuestos -- Interacciones espacio-tiempo -- Conceptos derivados de la noción de espacio: territorio, lugar, paisaje y región -- El territorio -- Territorio y territorialidad -- El territorio como concepción jurídico-política -- El territorio como construcción social -- La relevancia de los estudios territoriales desde una perspectiva interdisciplinaria -- El lugar -- El lugar como espacio vivido -- Lugares en la encrucijada del tiempo y el espacio -- El lugar como resistencia y oportunidad frente a la globalización -- La reinvidicación de los lugares como oportunidad para el desarrollo -- El paisaje -- El paisaje como expresión material del espacio geográfico -- El paisaje percibido -- ¿Por qué estudiar el paisaje? -- El paisaje un conjunto de signos -- Los estudios del paisaje en el Geografía cultural contemporánea -- Los paisajes de la globalización -- La región -- Sobre el concepto de región -- La región em distintas tradiciones geográficas -- Nuevas perspectivas de los estudios regionales en el contexto de globalización -- Los procesos de regionalización -- La región como instrumento para la gestión y el desarrollo del territorio -- Nuevas perspectivas de los estudios regionales contemporáneos -- Concepto de espacio y pensamiento geográfico en las principales corrientes contemporáneas -- Las corrientes clásicas -- La corriente positivista y el determinismo geográfico -- La corriente historicista y el posibilismo geográfico -- La síntesis regional -- La influencia de las tradiciones clásicas en la enseñanza de la Geografía -- Neopositivismo y nueva geografía -- La nueva geografía -- El espacio relativo -- Aportes y criticas -- La geografía de la percepción y el comportamiento -- Mapas mentales y geografías personales -- Neopositivistas, pero no tanto -- El enfoque de la percepción en la geografía contemporánea: su aplicación al estudio -- El pensamiento marxista y la Geografía crítica -- Los geógrafos radicales -- El espacio social -- Una nueva geografía escolar : los aportes de la geografía radical -- Las corrientes humanistas -- El lugar de los humanistas -- Conceptos renovados y nuevos temas de interés -- La cartografía social : nuevas herramientas para interpretar el espacio -- Las geografías del siglo XXI -- Nuevos temas, nuevos abordajes -- El auge de la geografía cultural -- Oportunidades y desafíos de la geografía actual -- ¿Qué enseñamos? -- La geografía escolar : renovación conceptual y nuevas perspectivas -- El quehacer del geógrafo -- Por la construcción de una disciplina renovada</subfield>
  </datafield>
  <datafield tag="020" ind1=" " ind2=" ">
   <subfield code="a">9789876552592</subfield>
  </datafield>
  <datafield tag="100" ind1="1" ind2=" ">
   <subfield code="a">Martin, María Cecilia.</subfield>
  </datafield>
  <datafield tag="700" ind1="1" ind2=" ">
   <subfield code="a">Volonté, Antonela.</subfield>
  </datafield>
  <datafield tag="830" ind1=" " ind2="0">
   <subfield code="a">Colección Ciencias Sociales y Humanidades</subfield>
  </datafield>
  <datafield tag="650" ind1=" " ind2="7">
   <subfield code="a">Geografía</subfield>
  </datafield>
  <datafield tag="859" ind1=" " ind2=" ">
   <subfield code="a">CEMS</subfield>
   <subfield code="b">BIB. CEMS - 11 de abril</subfield>
   <subfield code="h">910.01</subfield>
   <subfield code="i">M363</subfield>
   <subfield code="p">29093.21</subfield>
  </datafield>
 </record>
</collection>
